Khali - Carrière - Statistiques

Statistiques générales
  • Ce quiz a été pris 28 fois
  • Le résultat moyen est 26 sur 104
Statistiques - réponses
Hint Réponse % Correct
3 D&G
84%
3 KHALI IL SAIT
84%
3 BOTTEGA
79%
4 LONDON
79%
9 NO PSY
79%
1 PLM DEATHROW
79%
3 808
74%
8 SILENCE
74%
14 ENTRE PALMER ET PARIS ZOO
68%
10 FRANCE
68%
5 LE MONDE EST À TOI
68%
4 JAMAIS COMME ILS VONT
63%
6 KOLAF INTERLUDE
63%
11 LAÏLA BAÏDA
63%
11 PEPELE
63%
1 COULEURS
58%
2 FOREVER
58%
7 LA FLÈCHE
58%
9 ME3ZA
58%
4 FREE
53%
6 LA TOILE
53%
4 SIRÈNES (feat. Chanceko)
53%
2 BIENVENUE
47%
2 EN VRAI
47%
1 JE M'EN MOQUE EFFECTIVEMENT
47%
2 PATEK
47%
2020 VILAIN (feat. Kosei & La Fève)
47%
7 BONBON
42%
4 Fleurs
42%
15 UMBRELLA
42%
13 BLOODY PLM
37%
12 G LE SEUL
37%
16 JE FERAI DE MON MIEUX
37%
7 RIEN NE VA ME SUFFIRE
37%
5 TREMBLEMENT DE TERRE
37%
2020 20 -
32%
1 LE TEMPS PASSE TU SAIS
32%
2021 (21 -) NO PHOTO
32%
8 ON T'A PROMIS QUOI?
32%
6 Palmer wild story
32%
10 PAS DE ZGA INTERLUDE
32%
2020 Demain
26%
2023 NE ME REGARDE PAS (feat. Oordaya)
26%
6 OMG
26%
5 TIRE (INTERLUDE)
26%
2020 Bulletproof (feat. Loveni)
21%
2024 KHALAF (feat. La Fève)
21%
2021 (21 -) PEzZZ
21%
8 YEAH YEAH
21%
2022 2:23 (feat. J9ueve)
16%
2022 HESS/TROP SAGE (feat. STU)
16%
2020 Miroir (feat. Rounhaa)
16%
2023 Perte de temps (feat. So La Lune)
16%
2023 AAAAaa (feat. Kosei)
11%
1 Anéantie
11%
2023 APPELLE-MOI (feat. Kosei & Stony Stone)
11%
2022 BONBON&FLEUR (feat. Rounhaa)
11%
2021 Drunk With Me (feat. 99 & SONBEST)
11%
2023 LA VIE EST BELLE (feat. Malo)
11%
2 Sans peur
11%
2022 Beriz (feat. IDHEM ARCHIVE)
5%
3 Buy nothing
5%
2023 DIRTY (feat. winnterzuko)
5%
2022 Intro (feat. roseboy666)
5%
2021 IRIDESCENCE (feat. Realo, Yunodji & Yuri Online)
5%
2023 Ma dignité (feat. Chanceko)
5%
2022 MENSONGE (feat. J9ueve & JMK$)
5%
2020 Mon temps (feat. Kosei)
5%
2022 NEPTUNE CYPHER (feat. La Fève & Malo)
5%
3 Ninetynine
5%
4 Nouvelle
5%
1 Piège
5%
2 Rappel
5%
2023 Rien qui allait (feat. Ghost Killer Track)
5%
2025 TRENCHES (feat. TACKTIQUE)
5%
2021 TURBO (feat. Malo)
5%
2020 Valentine
5%
2023 018 X PLM (feat. Cashmire)
0%
2023 À ceux dans le noir (feat. 11kams)
0%
2021 All In (feat. 99, Slimka & Wolfkid)
0%
2024 All You Need Is You (feat. Khali)
0%
2021 Bazar (feat. DMS, Le Blaze, Mouad & Seak)
0%
2021 BOSS MOOD (feat. Realo & Yunodji)
0%
2023 C'ÉTAIT LONG (feat. DMS)
0%
2021 Depuis (feat. Bricksy & 3g)
0%
2021 DESTINY [Causality Entertainment]
0%
2021 Down Bad (feat. Realo & Yunodji)
0%
2020 FETTI (feat. MOOKICE, Realo & yeeshy)
0%
2023 FUCK DRAMA (feat. JMK$)
0%
2023 GAGNER DU TEMPS (feat. thaHomey)
0%
2020 Hiver (feat. Yunodji)
0%
2024 I LOVE U (feat. IDHEM ARCHIVE)
0%
2020 Indélébile (feat. Bricksy & 3g)
0%
7 Je m'en vais
0%
2021 Metalic (feat. Realo & Vilhelm.)
0%
5 Mille raisons
0%
2020 No exit (feat. Realo & Yunodji)
0%
2024 No Permission (feat. Khali)
0%
2020 Pas méchant
0%
2021 RÊVES (feat. Meel B)
0%
2020 SPÉCIALE (feat. DMS)
0%
2020 Tard le soir (feat. Kosei)
0%
2020 X6 (feat. DMY & Realo)
0%
2021 Zéro contrôle (feat. Khali & Yunodji) [1863]
0%
Aucun quiz correspondant
Distribution des résultats
% des personnes avec chaque résultat
Percentile par nombre de réponses
Votre historique - résultats
Vous n’avez pas pris ce quiz